[Event "European Online Club-ch-H 2021"]
[Site "Online"]
[Date "2021.03.27"]
[Round "8.5"]
[White "Kuzubov, Yuriy"]
[Black "Manik, Mikulas"]
[Result "1/2-1/2"]
[WhiteElo "2642"]
[BlackElo "2353"]
[Annotator "ChessBase"]
[PlyCount "96"]
[EventDate "2021.03.27"]
[EventType "team-tourn"]
[EventCountry "NET"]
[SourceTitle "playchess.com"]
[Source "ChessBase"]
[SourceQuality "1"]
[TimeControl "900+5"]

1. d4 {[%emt 0:00:00]} Nf6 {[%emt 0:00:04]} 2. Nf3 {[%emt 0:00:03]} g6 {[%emt 0:00:03]} 3. Nbd2 {[%emt 0:00:02]} c5 {[%emt 0:00:08]} 4. dxc5 {[%emt 0:00:02]} Qa5 {[%emt 0:00:02]} 5. a3 {[%emt 0:00:02]} Qxc5 {[%emt 0:00:02]} 6. b4 {[%emt 0:00:01]} Qc7 {[%emt 0:00:02]} 7. Bb2 {[%emt 0:00:02]} d6 {[%emt 0:00:14]} 8. g3 {[%emt 0:00:35]} Bg7 {[%emt 0:00:04]} 9. Bg2 {[%emt 0:00:02]} b6 {[%emt 0:00:12]} 10. O-O {[%emt 0:00:03]} Bb7 {[%emt 0:00:02]} 11. c4 {[%emt 0:00:21]} Nbd7 {[%emt 0:00:02]} 12. e4 {[%emt 0:00:05]} O-O {[%emt 0:00:05]} 13. Qe2 {[%emt 0:00:28]} Rfd8 {[%emt 0:00:18]} 14. Rfd1 {[%emt 0:01:18]} Rac8 {[%emt 0:00:13]} 15. Ne1 {[%emt 0:00:48]} Qb8 {[%emt 0:01:59]} 16. Nd3 {[%emt 0:00:18]} e6 {[%emt 0:00:57]} 17. Rac1 {[%emt 0:00:12]} Re8 {[%emt 0:00:15]} 18. f4 {[%emt 0:00:14]} e5 {[%emt 0:00:50]} 19. f5 {[%emt 0:02:55]} gxf5 {[%emt 0:00:09]} 20. exf5 {[%emt 0:00:03]} e4 {[%emt 0:00:13]} 21. Nf4 {[%emt 0:00:06]} Ne5 {[%emt 0:01:26]} 22. Bxe5 {[%emt 0:02:33]} Rxe5 {[%emt 0:00:09]} 23. Nf1 {[%emt 0:00:03]} e3 {[%emt 0:01:14]} 24. Bxb7 {[%emt 0:00:12]} Qxb7 {[%emt 0:00:03]} 25. Rxd6 {[%emt 0:00:25]} Rxf5 {[%emt 0:00:15]} 26. Qxe3 {[%emt 0:00:48]} Re8 {[%emt 0:00:15]} 27. Qd3 {[%emt 0:00:08]} Rfe5 {[%emt 0:00:51]} 28. Rd8 {[%emt 0:00:16]} Ne4 {[%emt 0:00:28]} 29. Rxe8+ {[%emt 0:00:24]} Rxe8 {[%emt 0:00:05]} 30. Re1 {[%emt 0:00:07]} Qa8 {[%emt 0:00:25]} 31. Nd5 {[%emt 0:00:15]} Ng5 {[%emt 0:00:04]} 32. Rxe8+ {[%emt 0:00:13]} Qxe8 {[%emt 0:00:02]} 33. Qe3 {[%emt 0:00:38]} Ne6 {[%emt 0:00:10]} 34. Kg2 {[%emt 0:00:09]} h6 {[%emt 0:00:09]} 35. Qe4 {[%emt 0:00:07]} Qa4 {[%emt 0:00:05]} 36. Ne7+ {[%emt 0:01:28]} Kh8 {[%emt 0:00:04]} 37. Qd3 {[%emt 0:00:51]} Bb2 {[%emt 0:00:25]} 38. Qd2 {[%emt 0:00:58]} Bg7 {[%emt 0:00:04]} 39. Nf5 {[%emt 0:00:07]} Qxa3 {[%emt 0:00:06]} 40. b5 {[%emt 0:00:02]} Qc5 {[%emt 0:01:14]} 41. N1e3 {[%emt 0:00:06]} Qe5 {[%emt 0:00:10]} 42. Nd6 {[%emt 0:00:28]} Kg8 {[%emt 0:00:17]} 43. Nd5 {[%emt 0:00:12]} Bf8 {[%emt 0:00:27]} 44. Ne8 {[%emt 0:00:14]} Qe4+ {[%emt 0:00:03]} 45. Kh3 {[%emt 0:00:07]} Qf5+ {[%emt 0:00:14]} 46. Kg2 {[%emt 0:00:06]} Qe4+ {[%emt 0:00:03]} 47. Kh3 {[%emt 0:00:03]} Qf5+ {[%emt 0:00:03]} 48. Kg2 {[%emt 0:00:13]} Qe4+ {[%emt 0:00:03]} 1/2-1/2

[Event "European Online Club-ch-H 2021"]
[Site "Online"]
[Date "2021.03.27"]
[Round "8.6"]
[White "Danada, Tomas"]
[Black "Baklan, Vladimir"]
[Result "0-1"]
[WhiteElo "2321"]
[BlackElo "2587"]
[Annotator "ChessBase"]
[PlyCount "68"]
[EventDate "2021.03.27"]
[EventType "team-tourn"]
[EventCountry "NET"]
[SourceTitle "playchess.com"]
[Source "ChessBase"]
[SourceQuality "1"]
[TimeControl "900+5"]

1. d4 {[%emt 0:00:00]} d6 {[%emt 0:00:04]} 2. Nf3 {[%emt 0:00:06]} Nf6 {[%emt 0:00:03]} 3. c4 {[%emt 0:00:03]} g6 {[%emt 0:00:02]} 4. Nc3 {[%emt 0:00:01]} Bf5 {[%emt 0:00:02]} 5. h3 {[%emt 0:00:25]} Bg7 {[%emt 0:00:04]} 6. g4 {[%emt 0:00:06]} Bd7 {[%emt 0:00:01]} 7. Bg2 {[%emt 0:00:02]} O-O {[%emt 0:00:06]} 8. e4 {[%emt 0:00:26]} c5 {[%emt 0:00:46]} 9. d5 {[%emt 0:00:27]} e5 {[%emt 0:00:37]} 10. Be3 {[%emt 0:00:14]} Na6 {[%emt 0:00:22]} 11. Nd2 {[%emt 0:01:59]} Nc7 {[%emt 0:00:27]} 12. a4 {[%emt 0:00:30]} Na6 {[%emt 0:00:07]} 13. Bf3 {[%emt 0:01:08]} Nb4 {[%emt 0:00:10]} 14. Be2 {[%emt 0:00:10]} Ne8 {[%emt 0:00:25]} 15. h4 {[%emt 0:00:18]} f5 {[%emt 0:00:21]} 16. gxf5 {[%emt 0:00:06]} gxf5 {[%emt 0:00:02]} 17. exf5 {[%emt 0:00:02]} Bxf5 {[%emt 0:00:07]} 18. Nde4 {[%emt 0:00:02]} Nf6 {[%emt 0:01:01]} 19. Bf3 {[%emt 0:00:43]} Qd7 {[%emt 0:00:27]} 20. Rg1 {[%emt 0:01:48]} Kh8 {[%emt 0:00:05]} 21. h5 {[%emt 0:01:06]} Nxe4 {[%emt 0:01:09]} 22. Bxe4 {[%emt 0:00:08]} Bf6 {[%emt 0:00:37]} 23. Qe2 {[%emt 0:03:30]} Rg8 {[%emt 0:00:47]} 24. Kd2 {[%emt 0:00:07]} Bxe4 {[%emt 0:00:55]} 25. Nxe4 {[%emt 0:00:02]} Qf5 {[%emt 0:00:29]} 26. f3 {[%emt 0:01:05]} Be7 {[%emt 0:00:07]} 27. h6 {[%emt 0:00:15]} Raf8 {[%emt 0:00:10]} 28. Rxg8+ {[%emt 0:00:07]} Rxg8 {[%emt 0:00:03]} 29. Rg1 {[%emt 0:00:05]} Rxg1 {[%emt 0:01:39]} 30. Bxg1 {[%emt 0:00:02]} Qh3 {[%emt 0:00:02]} 31. Be3 {[%emt 0:00:16]} Bf8 {[%emt 0:00:06]} 32. Ng5 {[%emt 0:00:27]} Qh1 {[%emt 0:00:59]} 33. Qf2 {[%emt 0:00:57]} Qb1 {[%emt 0:00:15]} 34. Kc3 {[%emt 0:00:50]} Qd3# {[%emt 0:00:07]} 0-1

[Event "European Online Club-ch-H 2021"]
[Site "Online"]
[Date "2021.03.27"]
[Round "8.7"]
[White "Brodsky, Michail"]
[Black "Zambor, Norbert"]
[Result "1-0"]
[WhiteElo "2524"]
[BlackElo "2260"]
[Annotator "ChessBase"]
[PlyCount "77"]
[EventDate "2021.03.27"]
[EventType "team-tourn"]
[EventCountry "NET"]
[SourceTitle "playchess.com"]
[Source "ChessBase"]
[SourceQuality "1"]
[TimeControl "900+5"]

1. d4 {[%emt 0:00:00]} Nf6 {[%emt 0:00:16]} 2. c4 {[%emt 0:00:06]} e6 {[%emt 0:00:14]} 3. Nc3 {[%emt 0:00:02]} c5 {[%emt 0:00:22]} 4. d5 {[%emt 0:00:03]} g6 {[%emt 0:00:13]} 5. e4 {[%emt 0:00:03]} Bg7 {[%emt 0:00:47]} 6. Bd3 {[%emt 0:00:04]} O-O {[%emt 0:00:03]} 7. Nf3 {[%emt 0:00:02]} Re8 {[%emt 0:00:41]} 8. O-O {[%emt 0:00:10]} d6 {[%emt 0:00:16]} 9. h3 {[%emt 0:00:06]} Na6 {[%emt 0:00:12]} 10. Bg5 {[%emt 0:00:43]} Nc7 {[%emt 0:00:44]} 11. Qd2 {[%emt 0:00:06]} Rb8 {[%emt 0:00:32]} 12. a3 {[%emt 0:01:06]} exd5 {[%emt 0:00:39]} 13. exd5 {[%emt 0:00:30]} a6 {[%emt 0:01:01]} 14. b4 {[%emt 0:00:17]} b5 {[%emt 0:03:45]} 15. Rab1 {[%emt 0:00:05]} cxb4 {[%emt 0:00:12]} 16. Rxb4 {[%emt 0:00:52]} a5 {[%emt 0:00:28]} 17. Rbb1 {[%emt 0:00:46]} b4 {[%emt 0:00:13]} 18. axb4 {[%emt 0:00:06]} axb4 {[%emt 0:00:12]} 19. Na2 {[%emt 0:00:11]} b3 {[%emt 0:00:13]} 20. Nb4 {[%emt 0:00:09]} Bd7 {[%emt 0:00:45]} 21. Nd4 {[%emt 0:01:47]} Rb6 {[%emt 0:02:23]} 22. Rxb3 {[%emt 0:00:14]} Qa8 {[%emt 0:00:38]} 23. Be3 {[%emt 0:01:00]} Rbb8 {[%emt 0:00:40]} 24. Rfb1 {[%emt 0:00:45]} Qa5 {[%emt 0:01:07]} 25. Qc1 {[%emt 0:00:38]} Ra8 {[%emt 0:00:15]} 26. Ndc6 {[%emt 0:00:29]} Qa4 {[%emt 0:00:06]} 27. Bd4 {[%emt 0:00:19]} Nh5 {[%emt 0:00:07]} 28. Bxg7 {[%emt 0:00:22]} Nxg7 {[%emt 0:00:02]} 29. R3b2 {[%emt 0:00:24]} Bf5 {[%emt 0:00:08]} 30. Ra2 {[%emt 0:00:36]} Qxa2 {[%emt 0:00:05]} 31. Nxa2 {[%emt 0:00:02]} Rxa2 {[%emt 0:00:06]} 32. Nb4 {[%emt 0:00:11]} Raa8 {[%emt 0:00:05]} 33. g4 {[%emt 0:00:09]} Bxd3 {[%emt 0:00:04]} 34. Nxd3 {[%emt 0:00:02]} Na6 {[%emt 0:00:03]} 35. Ra1 {[%emt 0:00:10]} h5 {[%emt 0:00:06]} 36. Qf4 {[%emt 0:00:18]} Nc5 {[%emt 0:00:08]} 37. Rxa8 {[%emt 0:00:03]} Nxd3 {[%emt 0:00:04]} 38. Rxe8+ {[%emt 0:00:04]} Nxe8 {[%emt 0:00:02]} 39. Qe3 {[%emt 0:00:03]} 1-0

[Event "European Online Club-ch-H 2021"]
[Site "Online"]
[Date "2021.03.27"]
[Round "8.9"]
[White "Banusz, Tamas"]
[Black "Kazakov, Mikhail"]
[Result "1/2-1/2"]
[WhiteElo "2631"]
[BlackElo "2516"]
[Annotator "ChessBase"]
[PlyCount "145"]
[EventDate "2021.03.27"]
[EventType "team-tourn"]
[EventCountry "NET"]
[SourceTitle "playchess.com"]
[Source "ChessBase"]
[SourceQuality "1"]
[TimeControl "900+5"]

1. Nf3 {[%emt 0:00:00]} Nf6 {[%emt 0:00:04]} 2. g3 {[%emt 0:00:03]} d5 {[%emt 0:00:02]} 3. Bg2 {[%emt 0:00:02]} c6 {[%emt 0:00:01]} 4. O-O {[%emt 0:00:01]} Bf5 {[%emt 0:00:07]} 5. c4 {[%emt 0:00:08]} e6 {[%emt 0:00:01]} 6. Qb3 {[%emt 0:00:02]} Qb6 {[%emt 0:00:05]} 7. d3 {[%emt 0:00:03]} Nbd7 {[%emt 0:00:05]} 8. cxd5 {[%emt 0:00:02]} Qxb3 {[%emt 0:01:29]} 9. axb3 {[%emt 0:00:02]} exd5 {[%emt 0:00:04]} 10. Bd2 {[%emt 0:00:04]} Bc5 {[%emt 0:00:17]} 11. b4 {[%emt 0:00:19]} Bb6 {[%emt 0:00:06]} 12. Bc3 {[%emt 0:00:04]} O-O {[%emt 0:00:07]} 13. Nbd2 {[%emt 0:00:31]} Rfe8 {[%emt 0:00:08]} 14. Rfe1 {[%emt 0:00:24]} h6 {[%emt 0:00:16]} 15. Nd4 {[%emt 0:00:28]} Bg6 {[%emt 0:00:09]} 16. Bh3 {[%emt 0:00:53]} Nf8 {[%emt 0:00:44]} 17. N2b3 {[%emt 0:00:59]} Ne6 {[%emt 0:00:53]} 18. Bg2 {[%emt 0:01:36]} Nxd4 {[%emt 0:00:09]} 19. Nxd4 {[%emt 0:00:30]} a6 {[%emt 0:00:17]} 20. Nb3 {[%emt 0:00:45]} Nd7 {[%emt 0:00:25]} 21. Bh3 {[%emt 0:00:16]} Nf8 {[%emt 0:00:23]} 22. Nc5 {[%emt 0:00:15]} Bxc5 {[%emt 0:00:29]} 23. bxc5 {[%emt 0:00:03]} Ne6 {[%emt 0:00:22]} 24. d4 {[%emt 0:00:28]} Nc7 {[%emt 0:00:23]} 25. f3 {[%emt 0:00:40]} Nb5 {[%emt 0:00:10]} 26. Kf2 {[%emt 0:00:04]} Re7 {[%emt 0:00:09]} 27. e3 {[%emt 0:00:19]} Rae8 {[%emt 0:00:13]} 28. Bd2 {[%emt 0:00:08]} Bd3 {[%emt 0:00:19]} 29. Bg2 {[%emt 0:00:50]} Kf8 {[%emt 0:00:22]} 30. Ba5 {[%emt 0:00:37]} g5 {[%emt 0:00:56]} 31. Rad1 {[%emt 0:00:20]} Bc2 {[%emt 0:00:07]} 32. Rd2 {[%emt 0:00:08]} Bg6 {[%emt 0:00:02]} 33. g4 {[%emt 0:00:47]} f5 {[%emt 0:00:34]} 34. gxf5 {[%emt 0:00:05]} Bxf5 {[%emt 0:00:03]} 35. h3 {[%emt 0:00:25]} Kg7 {[%emt 0:00:17]} 36. Rdd1 {[%emt 0:00:08]} Bc2 {[%emt 0:00:11]} 37. Rc1 {[%emt 0:00:07]} Bg6 {[%emt 0:00:03]} 38. Bd2 {[%emt 0:00:15]} Bd3 {[%emt 0:00:18]} 39. Kg3 {[%emt 0:00:28]} Kg6 {[%emt 0:00:29]} 40. h4 {[%emt 0:00:15]} Nc7 {[%emt 0:02:24]} 41. hxg5 {[%emt 0:02:03]} hxg5 {[%emt 0:00:04]} 42. Rh1 {[%emt 0:00:07]} Ne6 {[%emt 0:00:19]} 43. Rc3 {[%emt 0:00:14]} Bb5 {[%emt 0:00:20]} 44. Ra3 {[%emt 0:00:18]} Ng7 {[%emt 0:00:19]} 45. e4 {[%emt 0:00:05]} dxe4 {[%emt 0:01:30]} 46. fxe4 {[%emt 0:00:00]} Rxe4 {[%emt 0:00:06]} 47. Bxe4+ {[%emt 0:00:01]} Rxe4 {[%emt 0:00:02]} 48. Be3 {[%emt 0:00:02]} Nf5+ {[%emt 0:00:14]} 49. Kf2 {[%emt 0:00:02]} Nxe3 {[%emt 0:00:16]} 50. Rxe3 {[%emt 0:00:02]} Rxd4 {[%emt 0:00:02]} 51. Kg3 {[%emt 0:00:24]} Rb4 {[%emt 0:00:30]} 52. b3 {[%emt 0:00:10]} Rd4 {[%emt 0:00:16]} 53. Rhe1 {[%emt 0:00:14]} Rd5 {[%emt 0:00:04]} 54. Re5 {[%emt 0:00:13]} Rd3+ {[%emt 0:00:44]} 55. R1e3 {[%emt 0:00:10]} Rxe3+ {[%emt 0:00:27]} 56. Rxe3 {[%emt 0:00:00]} Kf6 {[%emt 0:00:01]} 57. Kg4 {[%emt 0:00:10]} a5 {[%emt 0:00:08]} 58. Re8 {[%emt 0:00:28]} a4 {[%emt 0:00:06]} 59. bxa4 {[%emt 0:00:13]} Bxa4 {[%emt 0:00:03]} 60. Re1 {[%emt 0:00:35]} Bb5 {[%emt 0:00:08]} 61. Re4 {[%emt 0:00:16]} Bd3 {[%emt 0:00:10]} 62. Rb4 {[%emt 0:00:07]} Be2+ {[%emt 0:00:14]} 63. Kg3 {[%emt 0:00:10]} Ke5 {[%emt 0:00:13]} 64. Rb2 {[%emt 0:00:16]} Bb5 {[%emt 0:00:04]} 65. Rd2 {[%emt 0:00:03]} Bc4 {[%emt 0:00:08]} 66. Kg4 {[%emt 0:00:09]} Kf6 {[%emt 0:00:02]} 67. Rd4 {[%emt 0:00:17]} Be6+ {[%emt 0:00:04]} 68. Kg3 {[%emt 0:00:02]} Ke5 {[%emt 0:00:02]} 69. Rd1 {[%emt 0:00:08]} Bf5 {[%emt 0:00:05]} 70. Rd2 {[%emt 0:00:06]} Be6 {[%emt 0:00:04]} 71. Rd1 {[%emt 0:00:06]} Bf5 {[%emt 0:00:03]} 72. Rd8 {[%emt 0:00:04]} Be6 {[%emt 0:00:06]} 73. Rd1 {[%emt 0:00:03]} 1/2-1/2

[Event "European Online Club-ch-H 2021"]
[Site "Online"]
[Date "2021.03.27"]
[Round "8.10"]
[White "Sabuk, Piotr"]
[Black "Braun, Arik"]
[Result "0-1"]
[WhiteElo "2366"]
[BlackElo "2609"]
[Annotator "ChessBase"]
[PlyCount "110"]
[EventDate "2021.03.27"]
[EventType "team-tourn"]
[EventCountry "NET"]
[SourceTitle "playchess.com"]
[Source "ChessBase"]
[SourceQuality "1"]
[TimeControl "900+5"]

1. d4 {[%emt 0:00:00]} Nf6 {[%emt 0:00:02]} 2. c4 {[%emt 0:00:08]} e6 {[%emt 0:00:01]} 3. Nc3 {[%emt 0:00:07]} Bb4 {[%emt 0:00:03]} 4. g3 {[%emt 0:00:04]} O-O {[%emt 0:00:08]} 5. Bg2 {[%emt 0:00:05]} d5 {[%emt 0:00:08]} 6. Nf3 {[%emt 0:00:07]} dxc4 {[%emt 0:00:15]} 7. O-O {[%emt 0:00:05]} Nbd7 {[%emt 0:00:02]} 8. Qc2 {[%emt 0:00:40]} Rb8 {[%emt 0:00:27]} 9. Rd1 {[%emt 0:01:25]} Qe7 {[%emt 0:01:22]} 10. e4 {[%emt 0:01:50]} h6 {[%emt 0:01:32]} 11. Bf4 {[%emt 0:00:46]} Nb6 {[%emt 0:00:27]} 12. Nb5 {[%emt 0:01:17]} Bd7 {[%emt 0:00:45]} 13. Nxc7 {[%emt 0:01:30]} Nh5 {[%emt 0:01:33]} 14. Nxe6 {[%emt 0:01:36]} fxe6 {[%emt 0:01:34]} 15. Bxb8 {[%emt 0:00:02]} Rxb8 {[%emt 0:00:02]} 16. Ne5 {[%emt 0:00:33]} Rc8 {[%emt 0:00:35]} 17. Nxd7 {[%emt 0:00:11]} Qxd7 {[%emt 0:00:06]} 18. e5 {[%emt 0:00:22]} Nd5 {[%emt 0:00:26]} 19. Qg6 {[%emt 0:00:52]} Qf7 {[%emt 0:00:18]} 20. Be4 {[%emt 0:00:09]} Ne7 {[%emt 0:01:52]} 21. Qh7+ {[%emt 0:00:08]} Kf8 {[%emt 0:00:02]} 22. Rac1 {[%emt 0:00:19]} Ke8 {[%emt 0:00:43]} 23. a3 {[%emt 0:00:37]} Ba5 {[%emt 0:00:05]} 24. b4 {[%emt 0:00:09]} Bb6 {[%emt 0:00:13]} 25. Rc3 {[%emt 0:00:02]} Kd7 {[%emt 0:00:17]} 26. Bxb7 {[%emt 0:00:40]} Rf8 {[%emt 0:00:28]} 27. Rf3 {[%emt 0:00:08]} Qe8 {[%emt 0:00:04]} 28. d5 {[%emt 0:00:38]} exd5 {[%emt 0:00:32]} 29. Bxd5 {[%emt 0:00:06]} Nxd5 {[%emt 0:01:24]} 30. Rxd5+ {[%emt 0:00:00]} Kc7 {[%emt 0:00:02]} 31. Qe4 {[%emt 0:01:15]} Kb8 {[%emt 0:00:01]} 32. Kg2 {[%emt 0:00:29]} Nf6 {[%emt 0:00:13]} 33. Rxf6 {[%emt 0:00:47]} Rxf6 {[%emt 0:00:09]} 34. f4 {[%emt 0:00:02]} Rc6 {[%emt 0:00:04]} 35. a4 {[%emt 0:00:16]} c3 {[%emt 0:00:03]} 36. Qc2 {[%emt 0:00:08]} Rc4 {[%emt 0:00:09]} 37. Rd6 {[%emt 0:00:13]} Bc7 {[%emt 0:00:16]} 38. Qb3 {[%emt 0:00:13]} Rc6 {[%emt 0:00:12]} 39. Rd1 {[%emt 0:00:07]} c2 {[%emt 0:00:06]} 40. Rc1 {[%emt 0:00:01]} Qg6 {[%emt 0:00:03]} 41. Qg8+ {[%emt 0:00:03]} Kb7 {[%emt 0:00:03]} 42. Qd5 {[%emt 0:00:02]} Kc8 {[%emt 0:00:22]} 43. f5 {[%emt 0:00:01]} Qe8 {[%emt 0:00:28]} 44. e6 {[%emt 0:00:02]} Kb8 {[%emt 0:00:04]} 45. Kh1 {[%emt 0:00:08]} Rc3 {[%emt 0:00:06]} 46. Qd2 {[%emt 0:00:06]} Qc6+ {[%emt 0:00:11]} 47. Qg2 {[%emt 0:00:02]} Qd6 {[%emt 0:00:05]} 48. Qe2 {[%emt 0:00:05]} Qd5+ {[%emt 0:00:19]} 49. Qg2 {[%emt 0:00:02]} Qd1+ {[%emt 0:00:23]} 50. Qg1 {[%emt 0:00:01]} Qxg1+ {[%emt 0:00:04]} 51. Kxg1 {[%emt 0:00:02]} Bb6+ {[%emt 0:00:02]} 52. Kf1 {[%emt 0:00:07]} Kc7 {[%emt 0:00:03]} 53. Ke2 {[%emt 0:00:03]} Be3 {[%emt 0:00:04]} 54. Rxc2 {[%emt 0:00:14]} Rxc2+ {[%emt 0:00:01]} 55. Kxe3 {[%emt 0:00:00]} Rc4 {[%emt 0:00:02]} 0-1

[Event "European Online Club-ch-H 2021"]
[Site "Online"]
[Date "2021.03.27"]
[Round "8.11"]
[White "Wagner, Dennis"]
[Black "Valuet, Bertrand"]
[Result "1-0"]
[WhiteElo "2581"]
[BlackElo "2217"]
[Annotator "ChessBase"]
[PlyCount "123"]
[EventDate "2021.03.27"]
[EventType "team-tourn"]
[EventCountry "NET"]
[SourceTitle "playchess.com"]
[Source "ChessBase"]
[SourceQuality "1"]
[TimeControl "900+5"]

1. e4 {[%emt 0:00:00]} e5 {[%emt 0:00:05]} 2. Nf3 {[%emt 0:00:02]} Nc6 {[%emt 0:00:02]} 3. Bb5 {[%emt 0:00:01]} a6 {[%emt 0:00:04]} 4. Ba4 {[%emt 0:00:01]} Nf6 {[%emt 0:00:02]} 5. O-O {[%emt 0:00:03]} Be7 {[%emt 0:00:03]} 6. Re1 {[%emt 0:00:07]} d6 {[%emt 0:00:03]} 7. c3 {[%emt 0:00:27]} O-O {[%emt 0:00:03]} 8. h3 {[%emt 0:00:08]} Nd7 {[%emt 0:00:04]} 9. d4 {[%emt 0:00:08]} Bf6 {[%emt 0:00:03]} 10. Be3 {[%emt 0:00:20]} Nb6 {[%emt 0:01:37]} 11. Bb3 {[%emt 0:01:02]} exd4 {[%emt 0:00:27]} 12. cxd4 {[%emt 0:00:04]} Na5 {[%emt 0:00:05]} 13. Bc2 {[%emt 0:00:19]} Nac4 {[%emt 0:00:04]} 14. Bc1 {[%emt 0:00:11]} c5 {[%emt 0:00:07]} 15. Qd3 {[%emt 0:07:26]} g6 {[%emt 0:01:09]} 16. b3 {[%emt 0:00:04]} Na5 {[%emt 0:00:17]} 17. Bh6 {[%emt 0:00:22]} Re8 {[%emt 0:00:22]} 18. e5 {[%emt 0:00:55]} dxe5 {[%emt 0:01:29]} 19. dxe5 {[%emt 0:00:03]} Qxd3 {[%emt 0:01:35]} 20. Bxd3 {[%emt 0:00:00]} Bg7 {[%emt 0:00:21]} 21. Bxg7 {[%emt 0:00:03]} Kxg7 {[%emt 0:00:02]} 22. Nc3 {[%emt 0:00:47]} Be6 {[%emt 0:00:39]} 23. Ne4 {[%emt 0:00:50]} c4 {[%emt 0:00:05]} 24. bxc4 {[%emt 0:00:04]} Nbxc4 {[%emt 0:00:11]} 25. Rac1 {[%emt 0:01:05]} Red8 {[%emt 0:00:07]} 26. Nc5 {[%emt 0:00:17]} Bd5 {[%emt 0:01:29]} 27. Be4 {[%emt 0:01:11]} Rac8 {[%emt 0:00:27]} 28. Bxd5 {[%emt 0:00:13]} Rxc5 {[%emt 0:00:10]} 29. Bxc4 {[%emt 0:00:40]} Rxc4 {[%emt 0:00:17]} 30. Rcd1 {[%emt 0:00:02]} Re8 {[%emt 0:00:38]} 31. Rd7 {[%emt 0:00:04]} Rf4 {[%emt 0:02:41]} 32. e6 {[%emt 0:00:02]} Nc6 {[%emt 0:00:44]} 33. Ng5 {[%emt 0:00:16]} Nd8 {[%emt 0:00:47]} 34. e7 {[%emt 0:00:24]} Nc6 {[%emt 0:00:25]} 35. Rxb7 {[%emt 0:00:02]} Nd4 {[%emt 0:00:22]} 36. Ra7 {[%emt 0:00:09]} h6 {[%emt 0:00:04]} 37. Ne4 {[%emt 0:00:03]} Nc6 {[%emt 0:00:10]} 38. Nd6 {[%emt 0:00:01]} Rxe7 {[%emt 0:00:41]} 39. Raxe7 {[%emt 0:00:02]} Nxe7 {[%emt 0:00:02]} 40. Rxe7 {[%emt 0:00:00]} Kf8 {[%emt 0:00:02]} 41. Ra7 {[%emt 0:00:03]} Rd4 {[%emt 0:00:03]} 42. Rxa6 {[%emt 0:00:02]} Rd1+ {[%emt 0:00:05]} 43. Kh2 {[%emt 0:00:02]} Ke7 {[%emt 0:00:04]} 44. Nc4 {[%emt 0:00:05]} Rc1 {[%emt 0:00:07]} 45. Ne3 {[%emt 0:00:01]} Rb1 {[%emt 0:00:12]} 46. Kg3 {[%emt 0:00:03]} Rb2 {[%emt 0:00:04]} 47. h4 {[%emt 0:00:02]} Kf8 {[%emt 0:00:07]} 48. Kf3 {[%emt 0:00:02]} Kg7 {[%emt 0:00:02]} 49. g3 {[%emt 0:00:01]} f5 {[%emt 0:00:04]} 50. h5 {[%emt 0:00:05]} f4 {[%emt 0:00:03]} 51. Rxg6+ {[%emt 0:00:06]} Kh7 {[%emt 0:00:04]} 52. gxf4 {[%emt 0:00:04]} Rxa2 {[%emt 0:00:02]} 53. Nd5 {[%emt 0:00:03]} Ra8 {[%emt 0:00:07]} 54. Nf6+ {[%emt 0:00:04]} Kh8 {[%emt 0:00:03]} 55. Rxh6+ {[%emt 0:00:03]} Kg7 {[%emt 0:00:02]} 56. Rg6+ {[%emt 0:00:01]} Kf7 {[%emt 0:00:01]} 57. Nd7 {[%emt 0:00:04]} Ra5 {[%emt 0:00:06]} 58. Ne5+ {[%emt 0:00:02]} Kf8 {[%emt 0:00:02]} 59. h6 {[%emt 0:00:01]} Ra7 {[%emt 0:00:03]} 60. Kg4 {[%emt 0:00:02]} Rh7 {[%emt 0:00:02]} 61. Kg5 {[%emt 0:00:01]} Rh8 {[%emt 0:00:03]} 62. Ra6 {[%emt 0:00:07]} 1-0

[Event "European Online Club-ch-H 2021"]
[Site "Online"]
[Date "2021.03.27"]
[Round "8.12"]
[White "Santamaria, Jorge"]
[Black "Buhmann, Rainer"]
[Result "0-1"]
[WhiteElo "2185"]
[BlackElo "2580"]
[Annotator "ChessBase"]
[PlyCount "60"]
[EventDate "2021.03.27"]
[EventType "team-tourn"]
[EventCountry "NET"]
[SourceTitle "playchess.com"]
[Source "ChessBase"]
[SourceQuality "1"]
[TimeControl "900+5"]

1. c4 {[%emt 0:00:45]} e6 {[%emt 0:00:40]} 2. Nf3 {[%emt 0:00:04]} d5 {[%emt 0:00:03]} 3. g3 {[%emt 0:00:03]} Nf6 {[%emt 0:00:02]} 4. Bg2 {[%emt 0:00:03]} Be7 {[%emt 0:00:01]} 5. O-O {[%emt 0:00:03]} O-O {[%emt 0:00:02]} 6. d4 {[%emt 0:00:02]} c6 {[%emt 0:00:02]} 7. Nbd2 {[%emt 0:00:17]} b6 {[%emt 0:00:03]} 8. Qc2 {[%emt 0:00:10]} Bb7 {[%emt 0:00:03]} 9. Rd1 {[%emt 0:00:08]} Nbd7 {[%emt 0:00:09]} 10. e4 {[%emt 0:00:04]} dxc4 {[%emt 0:00:05]} 11. Qxc4 {[%emt 0:00:22]} c5 {[%emt 0:00:18]} 12. e5 {[%emt 0:01:14]} Nd5 {[%emt 0:00:04]} 13. Ne4 {[%emt 0:02:22]} Rc8 {[%emt 0:00:34]} 14. dxc5 {[%emt 0:00:04]} Nxc5 {[%emt 0:00:24]} 15. Nxc5 {[%emt 0:00:03]} Bxc5 {[%emt 0:00:45]} 16. Qg4 {[%emt 0:00:11]} f5 {[%emt 0:00:47]} 17. exf6 {[%emt 0:00:20]} Qxf6 {[%emt 0:00:03]} 18. Re1 {[%emt 0:01:16]} Nb4 {[%emt 0:01:23]} 19. Bf4 {[%emt 0:00:48]} Nd3 {[%emt 0:00:41]} 20. Qxe6+ {[%emt 0:00:32]} Qxe6 {[%emt 0:00:08]} 21. Rxe6 {[%emt 0:00:02]} Nxf4 {[%emt 0:01:42]} 22. gxf4 {[%emt 0:00:08]} Rxf4 {[%emt 0:00:03]} 23. Ne5 {[%emt 0:00:21]} Bxg2 {[%emt 0:00:35]} 24. Kxg2 {[%emt 0:00:08]} Rxf2+ {[%emt 0:00:10]} 25. Kg3 {[%emt 0:00:05]} Re2 {[%emt 0:00:16]} 26. Rd1 {[%emt 0:00:31]} Rf8 {[%emt 0:00:49]} 27. a3 {[%emt 0:00:26]} a5 {[%emt 0:01:28]} 28. Rd5 {[%emt 0:00:21]} Bg1 {[%emt 0:00:25]} 29. h4 {[%emt 0:00:32]} h5 {[%emt 0:00:56]} 30. Kh3 {[%emt 0:00:20]} Bh2 {[%emt 0:00:33]} 0-1